000 00559nam a22001337a 4500
040 _cRUA
082 _aAGR KAM 2015 B474 Or.1
100 _aKAMRORNG TEVY; កម្រង ទេវី
245 _aBunching onion production of farmers in saang district, kandal province; ផលិតកម្មដំណាំខ្ទឹមស្លឹករបស់កសិករនៅស្រុកស្អាង ខេត្តកណ្តាល
260 _aPhnom Penh
_bRUA
_c2015
300 _axiii; 44p;
_bill;
_c29cm;
856 _u KAMRORNG TEVY
942 _cAGR
999 _c10407
_d10407